| 000 | 00823 a2200193 4500 | ||
|---|---|---|---|
| 003 | NUST | ||
| 005 | 20251124141506.0 | ||
| 040 | _cNust | ||
| 082 | _a621.382,CHI | ||
| 100 |
_aChishty, NC Fahd (TCC-19) _9132028 |
||
| 245 |
_aDesign And Implementation of a Sip Based VoIP Softexchange / _cNC Fahd Chishty, PC Fahad Bin Dawood, NC Yasir Javed and PC Osama Bin Faridoon |
||
| 260 |
_aRawalpindi _bMCS (NUST) _cJuly 2011 |
||
| 300 | _axii,93 p.; | ||
| 505 | _aIntroduction (Page-1), Background (Page-4), System Overview (Page-28), System Modules (Page-37), System Integration (Page-52), Application and Scope (Page-56), Extension and Conclusion (Page-58), Bibliography (Page-92). | ||
| 650 |
_aUG Projects _998716 |
||
| 651 |
_aTCC-19 _9106901 |
||
| 700 |
_aSupervised by Maj Dr. Faisal Khan _9132029 |
||
| 942 |
_cPR _2ddc |
||
| 999 |
_c188992 _d188992 |
||